The life and letters of Lord Macaulay / (Record no. 166618)

MARC details
000 -LEADER
campo de control de longitud fija 00916nam a22002175i 4500
001 - NÚMERO DE CONTROL
campo de control 166618
003 - IDENTIFICADOR DE NÚMERO DE CONTROL
campo de control ES-MaACL
005 - FECHA Y HORA DE LA ÚLTIMA TRANSACCIÓN
campo de control 20230906213353.0
008 - DATOS DE LONGITUD FIJA--INFORMACIÓN GENERAL
campo de control de longitud fija 041018s1876 gw a |||| | eng d
040 ## - FUENTE DE CATALOGACIÓN
Centro catalogador/agencia de origen CAM
Lengua de catalogación spa
Centro/agencia transcriptor CAM
100 1# - ENTRADA PRINCIPAL--NOMBRE DE PERSONA
Nombre de persona Trevelyan, George Otto.
9 (RLIN) 111335
245 14 - MENCIÓN DEL TÍTULO
Título The life and letters of Lord Macaulay /
Mención de responsabilidad, etc. by his nephew George Otto Trevelyan.
260 ## - PUBLICACIÓN, DISTRIBUCIÓN, ETC.
Lugar de publicación, distribución, etc. Leipzig :
Nombre del editor, distribuidor, etc. Bernhard Tauchnitz,
Fecha de publicación, distribución, etc. 1876.
300 ## - DESCRIPCIÓN FÍSICA
Extensión 4 v. (VIII, 296; VI, 266; VII, 286; VI, 281 p.) ;
Dimensiones 16 cm.
490 1# - MENCIÓN DE SERIE
Mención de serie Collection of british authors ;
Designación de volumen o secuencia 1571-1574
599 ## - NOTA A LAS ILUSTRACIONES
NOTA A LAS ILUSTRACIONES En el t.I hay [1] h. de lám. con retrato de Macaulay: "A. Weger sen. Leipzig"
600 14 - PUNTO DE ACCESO ADICIONAL DE MATERIA--NOMBRE DE PERSONA
Nombre de persona Macaulay, Thomas Babington Macaulay
Títulos y otros términos asociados al nombre Baron-
Subdivisión general Biografías.
9 (RLIN) 129284
830 0# - PUNTO DE ACCESO ADICIONAL DE SERIE-TÍTULO UNIFORME
Título uniforme Collection of british authors ;
Designación de volumen o secuencia 1571-1574
9 (RLIN) 180703
852 ## - LOCALIZACIÓN
Ubicación ES-MaACL
Número de control de estantería G-12024-25
Nota libre -- Enc. hol. conservando la cub. original
-- -- 4 t. en 2 v.
Holdings
Estatus retirado Estado de pérdida Estado de daño No para préstamo Colección Biblioteca de origen Biblioteca actual Ubicación en estantería Fecha de adquisición Total de préstamos Signatura topográfica completa Código de barras Visto por última vez Precio de reemplazo Tipo de ítem Koha
        Libros del s. XIX Biblioteca del Ateneo de Madrid Biblioteca del Ateneo de Madrid Sala Pecera Planta 3 17/01/2008   G-12024-25 1174750 23/02/2023 23/02/2023 Libro impreso antiguo